ბათუმის შოთა რუსთაველის სახელმწიფო უნივერსიტეტის ბიბლიოთეკა

კაცი გამოქვაბულში, დაჩუტული ბურთი (ბიბ.ჩანაწერი № 48517)

000 -LEADER
fixed length control field 01028nam a2200229Ia 4500
001 - CONTROL NUMBER
control field 15414
003 - CONTROL NUMBER IDENTIFIER
control field GE_BSU
008 - FIXED-LENGTH DATA ELEMENTS--GENERAL INFORMATION
fixed length control field 181216s||||||||xx |||||||||||||| ||und||
040 ## - CATALOGING SOURCE
Transcribing agency GE_BSU
080 ## - UNIVERSAL DECIMAL CLASSIFICATION NUMBER
Universal Decimal Classification number 821.353.1-32
100 ## - MAIN ENTRY--PERSONAL NAME
Personal name ჩიქოვანი,გრიგოლ
245 ## - TITLE STATEMENT
Title კაცი გამოქვაბულში, დაჩუტული ბურთი
245 ## - TITLE STATEMENT
Remainder of title მოთხრობები
245 ## - TITLE STATEMENT
Statement of responsibility, etc. სარედ.კოლ.ემენ დავითაძე. ზურაბ ფირცხალაიშვილი. ჯემალ ხოფერია და სხვ. რედ.ზ. ფირცხალაიშვილი. მხატვ.რ. ლომაძე
260 ## - PUBLICATION, DISTRIBUTION, ETC.
Place of publication, distribution, etc. ბათუმი
260 ## - PUBLICATION, DISTRIBUTION, ETC.
Name of publisher, distributor, etc. ჭოროხის გამ-ბა
260 ## - PUBLICATION, DISTRIBUTION, ETC.
Date of publication, distribution, etc. 1991
300 ## - PHYSICAL DESCRIPTION
Extent 24გვ.20სმ.
653 ## - INDEX TERM--UNCONTROLLED
Uncontrolled term კაცი გამოქვაბულში, დაჩუტული ბურთი
653 ## - INDEX TERM--UNCONTROLLED
Uncontrolled term მოთხრობები
942 ## - ADDED ENTRY ELEMENTS (KOHA)
Koha item type წიგნი
ეგზემპლარები
Withdrawn status Lost status Damaged status Not for loan Date acquired Barcode Date last seen Price effective from Koha item type
        2018-12-17 38423 2018-12-17 2018-12-17 წიგნი
        2018-12-17 38424 2018-12-17 2018-12-17 წიგნი
        2018-12-17 38425 2018-12-17 2018-12-17 წიგნი
        2018-12-17 38426 2018-12-17 2018-12-17 წიგნი
        2018-12-17 38427 2018-12-17 2018-12-17 წიგნი
        2018-12-17 38428 2018-12-17 2018-12-17 წიგნი